Elementary functions: backdrop for the calculus / (Record no. 180708)
[ view plain ]
| 000 -LEADER | |
|---|---|
| fixed length control field | 01112 a2200193 4500 |
| 003 - CONTROL NUMBER IDENTIFIER | |
| control field | NUST |
| 005 - DATE AND TIME OF LATEST TRANSACTION | |
| control field | 20221118151729.0 |
| 010 ## - LIBRARY OF CONGRESS CONTROL NUMBER | |
| LC control number | 70185214 |
| 040 ## - CATALOGING SOURCE | |
| Transcribing agency | Nust |
| 082 ## - DEWEY DECIMAL CLASSIFICATION NUMBER | |
| Classification number | 515.25,FOB |
| 100 ## - MAIN ENTRY--PERSONAL NAME | |
| Personal name | Fobes, Melcher P. |
| 9 (RLIN) | 103089 |
| 245 ## - TITLE STATEMENT | |
| Title | Elementary functions: backdrop for the calculus / |
| Statement of responsibility, etc. | Melcher P. Fobes |
| 260 ## - PUBLICATION, DISTRIBUTION, ETC. | |
| Place of publication, distribution, etc. | New York, |
| Name of publisher, distributor, etc. | Macmillan |
| Date of publication, distribution, etc. | 1973 |
| 300 ## - PHYSICAL DESCRIPTION | |
| Extent | xv,510 p.: |
| 505 ## - FORMATTED CONTENTS NOTE | |
| Formatted contents note | Preliminary Briefing (Page-1), Sets And The System Of Real Numbers (Page-11), Relations And Functions (Page-39), Analytic Geometry (Page-81), Simple Polynomial Functions (Page-120), Some Algebra Of Polynomial Functions (Page-150), Other Algebraic Functions And Their Graphs (Page-191), Exponential Functions (Page-217 ), Inverse Functions (Page-244), Logarithms Functions (Page-258), Trigonometric Functions (Page-270), Trigonometric Functions For Angles (Page-337), Analytic Trigonometry (Page-362), Polar Coordinates (Page-424), Inverse Trigonometric Functions (Page-437). |
| 600 ## - SUBJECT ADDED ENTRY--PERSONAL NAME | |
| Personal name | Melcher P. Fobes |
| 9 (RLIN) | 103090 |
| 650 ## - SUBJECT ADDED ENTRY--TOPICAL TERM | |
| Topical term or geographic name entry element | Elementary functions: backdrop for the calculus |
| 9 (RLIN) | 103091 |
| 942 ## - ADDED ENTRY ELEMENTS (KOHA) | |
| Source of classification or shelving scheme | |
| Koha item type | Book |
| Call number prefix | 515.25,FOB |
| Withdrawn status | Lost status | Source of classification or shelving scheme | Damaged status | Not for loan | Permanent Location | Current Location | Shelving location | Date acquired | Full call number | Barcode | Date last seen | Price effective from | Koha item type | Public note |
|---|---|---|---|---|---|---|---|---|---|---|---|---|---|---|
| Military College of Signals (MCS) | Military College of Signals (MCS) | General Stacks | 12/12/2016 | 515.25,FOB | MCS7468 | 12/08/2016 | 12/12/2016 | Book | Almirah No.13, Shelf No.3 |
